1653 1021 1613 1323 1169 1108 1517 1310 1523 1073 1651 1559 1641 1710 1397 1936 1753 1631 1637 1959 1930 1004 1237 1432 1984 1301 1508 1716 1258 1168 1759 1705 1061 1877 1289 1504 1902 1666 1822 1901 1605 1440 1060 1262 1582 1974 1536 1851 1012 1295 1562 1521 1307 1604 1286 1935 1705 1003 1531 1083 1697 1452 1734 1831 1029 1048 1925 1055 1758 1361 1163 1934 1671 1634 1203 1313 1774 1133 1068 1255 1089 1690 1874 1246 1405 1674 1903 1437 1545 1775 1788 1649 1855 1069 1746 1020 1628 1850 1456 BCNSPRNW ULIB Ver.6.0+V

เปลี่ยนเป็นภาษาไทย

Change to English
 แสดงรายละเอียดบรรณานุกรม
  กลับหน้าหลัก

Brief Record : Get Marc (ISO 2709) : E-mail record : QR code < ปิดหน้าต่าง
LEADER : 00000nam 2200000uu 4500
001    13399122976
003     ULIB
008    131118s2556||||th 000 0 tha d
020    ^a9786165432306
050  4 ^aBQ843^bศ254
245 00 ^aศรีศตวรรษมหาสังฆราชา : ^bร้อยกรองสรรเสริญพระเกียรติคุณสมเด็จพระญาณสังวร สมเด็จพระสังฆราช สกลมหาสังฆปรินายก (เจริญ สุวฑฺฒโน) /^cบรรณาธิการ, อรสา สายบัว ... [และคนอื่นๆ]
246 3  ^aร้อยกรองสรรเสริญพระเกียรติคุณสมเด็จพระญาณสังวร สมเด็จพระสังฆราช สกลมหาสังฆปรินายก
250    ^aพิมพ์ครั้งที่ 1
260    ^aกรุงเทพฯ :^bสำนักวรรณกรรมและประวัติศาสตร์ กรมศิลปากร,^c2556
300    ^a120 หน้า :^bภาพประกอบ (สีบางภาพ) ;^c28 ซม.
500    ^aจัดพิมพ์ทูลเกล้าฯ ถวายสนองพระกรุณาธิคุณในงานฉลองพระชันษา 100 ปี (เจริญ สุวฑฺฒโน) วัดบวรนิเวศวิหาร วันพฤหัสบดีที่ 3 ตุลาคม พุทธศักราช 2556
600 04 ^aสมเด็จพระญาณสังวร,^cสมเด็จพระสังฆราช (เจริญ สุวฑฺฒโน),^d2456-
650  4 ^aสมเด็จพระสังฆราช
700 0  ^aอรสา สายบัว,^eบรรณาธิการ
710 2  ^aกรมศิลปากร. ^bสำนักวรรณกรรมและประวัติศาสตร์
945    ^p0^l0^i034172
945    ^p0^l0^i034173
999    ^aเกษร โพธิ์สุวรรณ
รายการนี้ยังไม่มีแท็ก
คุณยังไม่ได้ล็อกอิน คุณสามารถมีกิจกรรมร่วมกับเว็บไซต์ได้ แต่ต้องล็อกอินก่อน ::
  ล็อกอิน

รายการสื่อสารสนเทศ

ลำดับที่ ประเภท เลขเรียก/บาร์โค้ด สถานที่ สถานะ
1. การศึกษาทั่วไป
การศึกษาทั่วไป
BQ843 ศ254  
  Barcode: 034172
ห้องสมุดวิทยาเขตสวรรค์ประชารักษ์
►หนังสือทั่วไป
บนชั้น
2. การศึกษาทั่วไป
การศึกษาทั่วไป
BQ843 ศ254 ฉ.2 
  Barcode: 034173
ห้องสมุดวิทยาเขตสวรรค์ประชารักษ์
►หนังสือทั่วไป
บนชั้น

รายการใกล้เคียง
    หัวเรื่อง [สมเด็จพระสังฆราช]

BibComment


ยังไม่เคยถูกคอมเมนท์

คอมเมนท์ทรัพยากรรายการนี้
  คอมเมนท์: ศรีศตวรรษมหาสังฆ..


 Copyright 2026. Bcnsprnw @Library